00253 2200109 4500245004200000250001100042100002700053650001600080005001900096041001400115084001400129 aMAKANAN DAN MINUMAN KHAS BETAWIhText aCet. 1 aAzizah Safina Tujannah aKarya Siswa a20250424095133 aIndonesia a081 AZI m